| 000 | 00634nam a2200205 u 4500 | ||
|---|---|---|---|
| 005 | 20240912063844.0 | ||
| 008 | 121120s2008 r 000 0 eng d | ||
| 020 | _a9789871534036 | ||
| 035 | _aUPN01000188737 | ||
| 049 | _aI | ||
| 050 | 4 |
_aPZ78 _bH3.6 |
|
| 100 | 1 |
_aHauviller, Gastón _932937 |
|
| 245 | 1 | 0 |
_aPepino y el misterioso ratón Pérez / _cGastón Hauviller ; il. de Mariano Epelbaum. |
| 260 |
_aBuenos Aires : _bPictus, _c2008. |
||
| 300 |
_a[24] p. : _bil. |
||
| 650 | 4 |
_aLibros y lectura para niños _92290 |
|
| 650 | 4 |
_aCuentos infantiles argentinos _97466 |
|
| 700 | 1 |
_aEpelbaum, Mariano, _eil. |
|
| 905 | _aInfantil | ||
| 999 |
_c160840 _d160840 |
||